000 00497nam a2200169Ia 4500
008 180207s9999 xx 000 0 und d
020 _a9715082572
050 _bV718 1980
100 _aVillanueva, Rene
245 _aSi Emang engkantada at ang tatlong haragan /
245 _cRene Villanueva ; drawing by Alfonso OƱate and Wilfredo Pollarco.
260 _aQuezon City, Philippines :
260 _bAdarna House,
260 _c1980
300 _aunpaged :
300 _bcolor illustration ;
999 _c355284
_d355284